| Tag |
First Indicator |
Second Indicator |
Subfields |
| LEADER |
00000cam a2200000 a 4500 |
| 001 |
in00002649021 |
| 005 |
20151202112331.0 |
| 008 |
100819s2010 nyua b 101 0 eng c |
| 010 |
|
|
|a 2010907064
|
| 019 |
|
|
|a 655250825
|
| 020 |
|
|
|a 9780735407961 (pbk.)
|
| 020 |
|
|
|a 0735407967 (pbk.)
|
| 035 |
|
|
|a (OCoLC)ocn656876118
|
| 035 |
|
|
|a (OCoLC)656876118
|z (OCoLC)655250825
|
| 040 |
|
|
|a CAI
|c CAI
|d YDXCP
|d NTE
|d CGU
|d IQU
|d TXA
|d UtOrBLW
|
| 042 |
|
|
|a pcc
|
| 049 |
|
|
|a TXAM
|
| 050 |
|
4 |
|a TA418.52
|b .N38 2009
|
| 090 |
|
|
|a QC1
|b .N37 2009
|
| 111 |
2 |
|
|a National Conference on Thermophysical Properties
|n (5th :
|d 2009 :
|c Vadodara, India)
|
| 245 |
1 |
0 |
|a 5th National Conference on Thermophysical Properties :
|b NCTP-09, Vadodara, India, 7-9 October 2009 /
|c editors, Arun Pratap, N.S. Saxena ; sponsoring organizations, UGC, New Dehli, India [and others].
|
| 246 |
3 |
|
|a Fifth National Conference on Thermophysical Properties
|
| 246 |
3 |
|
|a Thermophysical properties
|
| 246 |
3 |
0 |
|a NCTP-09
|
| 246 |
3 |
|
|a NCTP 2009
|
| 264 |
|
1 |
|a Melville, N.Y. :
|b American Institute of Physics,
|c 2010.
|
| 300 |
|
|
|a x, 234 pages :
|b illustrations ;
|c 28 cm.
|
| 336 |
|
|
|a text
|b txt
|2 rdacontent
|
| 337 |
|
|
|a unmediated
|b n
|2 rdamedia
|
| 338 |
|
|
|a volume
|b nc
|2 rdacarrier
|
| 490 |
1 |
|
|a AIP conference proceedings,
|x 0094-243X ;
|v v. 1249
|
| 504 |
|
|
|a Includes bibliographical references and index.
|
| 650 |
|
0 |
|a Materials
|x Thermal properties
|v Congresses.
|
| 650 |
|
0 |
|a Electronics
|x Materials
|v Congresses.
|
| 650 |
|
0 |
|a Thin film devices
|x Materials
|v Congresses.
|
| 650 |
|
0 |
|a Nanostructured materials
|x Thermal properties
|v Congresses.
|
| 650 |
|
0 |
|a Physics
|v Congresses.
|
| 700 |
1 |
|
|a Pratap, Arun.
|
| 700 |
1 |
|
|a Saxena, N. S.
|
| 710 |
1 |
|
|a India.
|b University Grants Commission.
|
| 830 |
|
0 |
|a AIP conference proceedings ;
|v no. 1249.
|
| 948 |
|
|
|a cataloged
|b h
|c 2010/11/11
|d c
|e ceaton
|f 1:11:12 pm
|
| 994 |
|
|
|a C0
|b TXA
|
| 999 |
|
|
|a MARS
|
| 999 |
f |
f |
|s 4144f085-5d7d-3d86-922c-d0c87975a891
|i d49177e4-a4ca-37e3-bcba-69833efddcda
|t 0
|
| 952 |
f |
f |
|p normal
|a Texas A&M University
|b College Station
|c Sterling C. Evans Library
|d Evans: Library Stacks
|t 0
|e QC1 .N37 2009
|h Library of Congress classification
|i unmediated -- volume
|m A14839337986
|
| 998 |
f |
f |
|a QC1 .N37 2009
|t 0
|l Evans: Library Stacks
|